000 00724cam a2200217 4500
003 OSt
005 20151111090400.0
008 080303s2007 sp 000 f spa
020 _a978-84-206-6646-4
040 _cBMC
082 _a823
100 1 _aDoyle, Arthur Conan
_926271
245 1 0 _aSherlock Holmes
_b: El signo de los cuatro; el sabueso de los Baskerville; las novelas (2)
_cArthur Conan Doyle ; traducción y notas de Juan Manuel Ibeas Delgado y José Luis López Muñoz
260 _aMadrid
_bAlianza
_c2007
300 _a405 p.
_c20 cm
490 _a1320
650 2 4 _911162
_aNovela inglesa
700 1 _aLópez Muñoz, José Luis
_936527
700 1 _aIbeas Delgado, Juan Manuel
_93967
942 _2ddc
_cBK
999 _c23372
_d23372